Travis Scott -- I Can Tell Lyrics - Statistics

General Stats
  • This quiz has been taken 117 times
  • The average score is 258 of 491
Answer Stats
Hint Answer % Correct
I
98%
Can
96%
Tell
95%
N****
89%
A
83%
x2 | x3 Baby
82%
The
78%
Night
76%
An
68%
You
68%
All
60%
And
60%
On
60%
It
57%
No
57%
To
57%
Do
56%
By
55%
My
55%
We
55%
Tales
54%
In
52%
Up
51%
How
50%
Go
49%
Basement
46%
Came
45%
Be
44%
Of
41%
Oh
40%
Shit
40%
Take
40%
That
40%
Was
40%
Dont
38%
Took
37%
Way
37%
When
37%
Ain't
35%
Aint
35%
Off
35%
Started
35%
Then
35%
Yeah
35%
About
34%
But
34%
Called
34%
Dry
34%
Wrong
34%
Bitches
33%
Going
33%
Bout
32%
Ones
32%
Shot
32%
Attic
30%
Ideas
30%
Or
30%
Ya
30%
Another
29%
Down
29%
From
29%
Know
29%
Pill
29%
Pop
29%
Right
29%
Spells
29%
They
29%
Told
29%
Diamonds
28%
Forget
28%
Hanging
28%
Long
28%
Made
28%
Top
28%
Break
27%
Get
27%
Out
27%
Vases
27%
Dang-a-lang
26%
Fall
26%
Never
26%
Now
26%
Away
24%
Bang
24%
Before
24%
Dollars
24%
Roads
24%
Stay
24%
Things
24%
Wont
24%
Come
23%
Making
23%
Been
22%
Like
22%
like
22%
Mama
22%
Sense
22%
x2 Them
22%
Used
22%
What
22%
Your
22%
Bass
21%
Boys
21%
Donuts
21%
Her
21%
Say
21%
Seal
21%
Unc
21%
End
20%
Gas
20%
Money
20%
Wells
20%
Back
18%
Blocka
18%
First
18%
Humble
18%
Impulsive
18%
Nights
18%
Silk
18%
Staying
18%
Straight
18%
Want
18%
8
17%
Cornrows
17%
Notcher
17%
Always
16%
Broke
16%
Deep
16%
Fort
16%
Got
16%
His
16%
Hot
16%
Ill
16%
Live
16%
Orangutan
16%
Rap
16%
Shock
16%
Wasnt
16%
Wind
16%
Woo
16%
Bend
15%
Bottle
15%
Bumba
15%
Had
15%
Help
15%
Sick
15%
Waterfall
15%
Wood
15%
Five-o-four
13%
Knockers
13%
LaFlame
13%
Over
13%
Probably
13%
Rapper
13%
Shocker
13%
There
13%
With
13%
Bangarang
12%
Friend
12%
Milk
12%
Pass
12%
Bad
11%
Dive
11%
Gone
11%
Ima
11%
Minus
11%
Pull
11%
Bling
10%
Brought
10%
Demand
10%
Non-emotional
10%
Posture
10%
Bumbaclot
9%
Couldnt
9%
Neng-a-leng
9%
Scraping
9%
Silkk
9%
Tilt
9%
Zoned
9%
Coffee
7%
Dripping
7%
Pockets
7%
Rocker
7%
mhm
6%
Mhm
6%
Hoo Hoo
0%
No matching quizzes found
Score Distribution
Percent of People with Each Score
Percentile by Number Answered
Your Score History
You have not taken this quiz